A Course module for content and pedagogy for the mother tongue / (Record no. 57040)
[ view plain ]
| 000 -LEADER | |
|---|---|
| fixed length control field | 00932nam a22002537a 4500 |
| 005 - DATE AND TIME OF LATEST TRANSACTION | |
| control field | 20220215110919.0 |
| 008 - FIXED-LENGTH DATA ELEMENTS--GENERAL INFORMATION | |
| fixed length control field | 220215b ||||| |||| 00| 0 eng d |
| 020 ## - INTERNATIONAL STANDARD BOOK NUMBER | |
| International Standard Book Number | 978-621-04-0387-9 |
| 040 ## - CATALOGING SOURCE | |
| Language of cataloging | English |
| Transcribing agency | URS |
| Description conventions | rda |
| 050 ## - LIBRARY OF CONGRESS CALL NUMBER | |
| Classification number | LB1580 |
| Item number | .C861l 2020 |
| 245 ## - TITLE STATEMENT | |
| Title | A Course module for content and pedagogy for the mother tongue / |
| Statement of responsibility, etc | Jonna Marie A. Lim...[and four others]. |
| 264 ## - PUBLICATION, DISTRIBUTION, ETC. (IMPRINT) | |
| Place of publication, distribution, etc | Quezon City : |
| Name of publisher, distributor, etc | Rex Book Store, Incorporated. |
| Date of publication, distribution, etc | ©2020. |
| 300 ## - PHYSICAL DESCRIPTION | |
| Extent | 160 pages ; |
| Dimensions | 26 cm. |
| 336 ## - CONTENT TYPE | |
| Source | rdacontent |
| Content type term | text |
| Content type code | txt |
| 337 ## - MEDIA TYPE | |
| Source | rdamedia |
| Media type term | unmediated |
| Media type code | n |
| 338 ## - CARRIER TYPE | |
| Source | rdacarrier |
| Carrier type term | volume |
| Carrier type code | nc |
| 504 ## - BIBLIOGRAPHY, ETC. NOTE | |
| Bibliography, etc | Includes bibliographical references. |
| 700 ## - ADDED ENTRY--PERSONAL NAME | |
| 9 (RLIN) | 5 |
| Personal name | Lim, Jonna Marie A., |
| Relator term | author. |
| 700 ## - ADDED ENTRY--PERSONAL NAME | |
| 9 (RLIN) | 7 |
| Personal name | Alata, Elen Joy P., |
| Relator term | author. |
| 700 ## - ADDED ENTRY--PERSONAL NAME | |
| 9 (RLIN) | 1158 |
| Personal name | Ferrer, Raphael M., |
| Relator term | author. |
| 700 ## - ADDED ENTRY--PERSONAL NAME | |
| 9 (RLIN) | 1159 |
| Personal name | Santos, Anna Maria Patricia V., |
| Relator term | author. |
| 700 ## - ADDED ENTRY--PERSONAL NAME | |
| 9 (RLIN) | 1160 |
| Personal name | Pawilen, Greg Tabios., |
| Relator term | coordinator. |
| 942 ## - ADDED ENTRY ELEMENTS (KOHA) | |
| Source of classification or shelving scheme | Library of Congress Classification |
| Koha item type | Filipiniana |
| Withdrawn status | Lost status | Source of classification or shelving scheme | Damaged status | Not for loan | Collection code | Home library | Current library | Shelving location | Date acquired | Source of acquisition | Total Checkouts | Full call number | Barcode | Date last seen | Copy number | Koha item type | Price effective from |
|---|---|---|---|---|---|---|---|---|---|---|---|---|---|---|---|---|---|
| Library of Congress Classification | Rodriguez College Library | Rodriguez College Library | 04/24/2023 | LB1580 .C8615 2020 | URSROD-4903 | 04/24/2023 | 1 | Filipiniana | 04/24/2023 | ||||||||
| Library of Congress Classification | Non-fiction | Taytay College Library | Taytay College Library | Filipiniana Section | 11/17/2021 | Purchased | LB1580 .C861l 2020 | URSTAY-4992 | 06/02/2025 | 1 | Filipiniana | ||||||
| Library of Congress Classification | Non-fiction | Taytay College Library | Taytay College Library | Filipiniana Section | 11/17/2021 | Purchased | LB1580 .C861l 2020 | URSTAY-4993 | 06/02/2025 | 2 | Filipiniana | ||||||
| Library of Congress Classification | Non-fiction | Taytay College Library | Taytay College Library | Filipiniana Section | 11/17/2021 | Purchased | LB1580 .C861l 2020 | URSTAY-4994 | 06/02/2025 | 3 | Filipiniana |